Manual de aire acondicionado. Handbook of air conditioning system design

Saved in:
Bibliographic Details
Corporate Author: Carrier Air Conditioning Company (Author)
Format: Book
Language:Spanish
Published: Barcelona Marcombo 2009
Edition:1a. ed
Subjects:
Tags: Add Tag
No Tags, Be the first to tag this record!

MARC

LEADER 00000nam a2200000 a 4500
001 UCH5730
003 CL-VaPUC
008 091015e20090000SP |||||||||||||||||spa|d
020 |a 9788426714992 
082 0 4 |a 697.93  |b CAR  |2 21 
110 2 |a Carrier Air Conditioning Company  |e author  |9 542031 
245 1 0 |a Manual de aire acondicionado. Handbook of air conditioning system design 
250 |a 1a. ed 
300 |a pag. irreg 
942 |c BK 
945 |d 20091015 00:00:00  |a dcastane 
260 |a Barcelona  |b Marcombo  |c 2009 
650 0 |a Aire acondicionado  |9 259344 
650 0 |a Ventilación  |9 267243 
650 0 |a Refrigeración  |9 259343 
650 0 |a Tratamiento del agua   |9 262889 
583 |a last modification  |c 20161003 11:37:38  |k Rodrigo Vera 
999 |c 336804  |d 336802 
952 |0 0  |1 0  |2 ddc  |4 0  |6 697_930000000000000_CAR_2009  |7 0  |8 R  |9 428743  |a BIBMEC  |b BIBMEC  |d 2019-11-22  |i 4607945  |o 697.93 CAR 2009  |p 4607945  |r 2024-01-19  |w 2019-11-22  |y BK_P  |k MEC